Statistics for Countries that End in "i"

Click here to take the quiz!

General Stats

  • This quiz has been taken 739 times
  • The average score is 6 of 8

Answer Stats

Answer% Correct
Fiji
81%
Mali
77%
Haiti
74%
Kiribati
74%
Djibouti
70%
Malawi
69%
Burundi
66%
Brunei
62%

Score Distribution

Percentile by Number Answered

Percent of People with Each Score

Your Score History

You have not taken this quiz